Human security and international insecurity

Bibliographic Details
Corporate Author: ProQuest (Firm)
Other Authors: Frerks, Georg, 1954-, Goldewijk, Berma Klein.
Format: Electronic eBook
Language:English
Published: Wageningen, The Netherlands : Wageningen Academic Publishers, 2007.
Subjects:
Online Access:Click to View
LEADER 01389nam a2200373Ia 4500
001 EBC3445564
003 MiAaPQ
005 20200520144314.0
006 m o d |
007 cr cn|||||||||
008 070504s2007 ne sb 001 0 eng d
010 |z  2007451650 
020 |z 9086860168 (hd.bd.) 
020 |z 9789086860166 (hd.bd.) 
020 |z 9789086865901 
035 |a (MiAaPQ)EBC3445564 
035 |a (Au-PeEL)EBL3445564 
035 |a (CaPaEBR)ebr10686725 
035 |a (OCoLC)932318542 
040 |a MiAaPQ  |c MiAaPQ  |d MiAaPQ 
050 4 |a JZ5588  |b .H8484 2007 
082 0 4 |a 355/.033  |2 22 
245 0 0 |a Human security and international insecurity  |h [electronic resource] /  |c edited by Georg Frerks and Berma Klein Goldewijk. 
260 |a Wageningen, The Netherlands :  |b Wageningen Academic Publishers,  |c 2007. 
300 |a 320 p. 
504 |a Includes bibliographical references and indexes. 
533 |a Electronic reproduction. Ann Arbor, MI : ProQuest, 2015. Available via World Wide Web. Access may be limited to ProQuest affiliated libraries. 
650 0 |a Security, International. 
650 0 |a International relations. 
655 4 |a Electronic books. 
700 1 |a Frerks, Georg,  |d 1954- 
700 1 |a Goldewijk, Berma Klein. 
710 2 |a ProQuest (Firm) 
856 4 0 |u https://ebookcentral.proquest.com/lib/matrademy/detail.action?docID=3445564  |z Click to View